| 000 | 01139cam a22002651i 4500 | ||
|---|---|---|---|
| 003 | SA-RiAUC | ||
| 005 | 20250816151426.0 | ||
| 008 | 250809s2011 su g 000 0 ara c | ||
| 020 | _a9786030073900 | ||
| 040 |
_aSA-JeOIC _bara _cSA-RiAUC. _erda |
||
| 082 | 0 | 4 |
_a252.54 _qSA-RiAUC |
| 090 |
_a252.54 _b هـ ذ ل |
||
| 100 | 1 |
_aالهذلي، سعد بن محمد بن عيسى النباتي _eمؤلف. |
|
| 245 | 1 | 0 |
_aحكم اشتراط الطهارة في الطواف : _bيشمل حكم الحدث الأصغر، وحكم طواف الحائض / _cسعد بن محمد بن عيسى النباتي الهذلي. |
| 250 | _aالطبعة الأولى. | ||
| 264 | 1 |
_aمكة المكرمة : _bسعد بن محمد بن عيسى النباتي الهذلي، _c2011. |
|
| 300 |
_a96 صفحة ؛ _c24 سم |
||
| 336 |
_aنص _btxt _2rdacontent _3كتاب |
||
| 337 |
_aبدون وسيط _bn _2rdamedia |
||
| 338 |
_aمجلد _bnc _2rdacarrier |
||
| 650 | 7 |
_aالطهارة (فقه إسلامي) _2aucsh |
|
| 650 | 7 |
_aالطواف بالكعبة _2aucsh |
|
| 942 |
_2ddc _cBOOK _n0 |
||
| 949 |
_aSA-JeALM _d250809 _umohamedma123 _n1 |
||
| 999 |
_c10837 _d10837 |
||